[Event "BEM2013 - Allgemeine Gruppe"]
[Site "Roses Westerndorf St. Peter"]
[Date "2013.08.25"]
[Round "1.1"]
[White "Graf, Christian"]
[Black "Baldauf, Marco"]
[Result "1/2-1/2"]
[WhiteElo "2146"]
[BlackElo "2412"]
[PlyCount "48"]
[EventDate "2013.??.??"]
[EventCountry "ESP"]
[WhiteTeam "SU Ebersberg-Grafing"]
[BlackTeam "SG Pang-Rosenheim 1910 e.V."]

1. e4 e5 2. Nf3 Nc6 3. Bb5 Nf6 4. O-O Nxe4 5. d4 Nd6 6. Bxc6 dxc6 7. dxe5 Nf5
8. Qxd8+ Kxd8 9. h3 Ne7 10. b3 Ng6 11. Ba3 Bxa3 12. Nxa3 a5 13. Nc4 Be6 14. Ne3
a4 15. b4 a3 16. c3 Ke7 17. Rfd1 Rad8 18. Rd4 Rxd4 19. Nxd4 Nxe5 20. Nxe6 fxe6
21. Kf1 c5 22. bxc5 Nd3 23. c6 b5 24. Rb1 Rd8 1/2-1/2

[Event "BEM2013 - Allgemeine Gruppe"]
[Site "Roses Westerndorf St. Peter"]
[Date "2013.08.25"]
[Round "1.3"]
[White "Schindler, Viktor"]
[Black "Pohl-Kuemmel, Jens-Uwe"]
[Result "0-1"]
[WhiteElo "2120"]
[BlackElo "2292"]
[PlyCount "100"]
[EventDate "2013.??.??"]
[EventCountry "ESP"]
[WhiteTeam "PTSV SK Hof 1892"]
[BlackTeam "TSV Wacker Neutraubling"]

1. e4 d6 2. d4 g6 3. Nc3 Bg7 4. g3 Nc6 5. Nge2 Bg4 6. Qd3 a6 7. a3 Nf6 8. Bg2
O-O 9. h3 Bd7 10. O-O e5 11. d5 Ne7 12. g4 Ne8 13. Ng3 c5 14. Nce2 b5 15. f4
exf4 16. Nxf4 Qb6 17. Qf3 Nc7 18. Kh1 Rae8 19. c3 a5 20. Be3 a4 21. Rad1 Qb8
22. Rg1 Kh8 23. Qf2 Nc8 24. Nf1 Nb6 25. Nd2 Bc8 26. Nd3 f5 27. gxf5 gxf5 28.
Qh4 Ncxd5 29. exd5 Rxe3 30. Nf4 Rfe8 31. Nf1 Bd7 32. Nxe3 Rxe3 33. Rge1 Nc4 34.
Bf1 Rxe1 35. Rxe1 Ne5 36. Bg2 Kg8 37. Nh5 Qf8 38. Qg5 Ng6 39. Nxg7 Kxg7 40. Bf1
Qf6 41. Qxf6+ Kxf6 42. c4 bxc4 43. Bxc4 Ne5 44. Be2 Be8 45. Kg2 Bf7 46. Rd1 Ng6
47. Bf3 Nh4+ 48. Kf2 Nxf3 49. b4 axb3 50. a4 c4 0-1

[Event "BEM2013 - Allgemeine Gruppe"]
[Site "Roses Westerndorf St. Peter"]
[Date "2013.08.25"]
[Round "1.4"]
[White "Stips, Felix"]
[Black "Willim, Michael"]
[Result "1/2-1/2"]
[WhiteElo "2287"]
[BlackElo "2111"]
[PlyCount "75"]
[EventDate "2013.??.??"]
[EventCountry "ESP"]
[WhiteTeam "TSV Bindlach Aktionär-Schachabte"]
[BlackTeam "SC Erlangen 48/88 e.V."]

1. Nf3 g6 2. d4 Bg7 3. e4 d6 4. Nc3 a6 5. Be3 Nd7 6. Qd2 b5 7. O-O-O Bb7 8. h4
h6 9. a3 Ngf6 10. d5 c5 (10... Nc5) 11. dxc6 Bxc6 12. Bd3 Ng4 13. Bf4 Qb6 14.
Rdf1 b4 15. axb4 Qxb4 16. Nd1 Qa4 17. Qe2 Nc5 (17... Qa1+) 18. Nd2 Qa1+ 19. Nb1
Ne5 20. Bxe5 Bxe5 21. f4 Bg7 22. e5 dxe5 23. Bc4 e6 24. Rh3 (24. Rhg1) 24...
Qa5 25. h5 O-O 26. fxe5 g5 27. Ne3 (27. Ndc3) 27... Nd7 28. Ng4 Nxe5 29. Nf6+
Kh8 30. c3 Nxc4 31. Qd3 (31. Qxc4 Bxf6 32. Rxf6 Kg7 33. Rg6+ fxg6) 31... Bxf6
32. Rxf6 Kg7 33. Rg6+ fxg6 34. Qxg6+ Kh8 35. Qxh6+ Kg8 36. Qg6+ Kh8 37. Qh6+
Kg8 38. Qg6+ 1/2-1/2

[Event "BEM2013 - Allgemeine Gruppe"]
[Site "Roses Westerndorf St. Peter"]
[Date "2013.08.25"]
[Round "1.5"]
[White "Wittmann, Helmut"]
[Black "Lentrodt, Thomas"]
[Result "1-0"]
[WhiteElo "2093"]
[BlackElo "2274"]
[PlyCount "41"]
[EventDate "2013.??.??"]
[EventCountry "ESP"]
[WhiteTeam "BSG Wöhrlhaus Erlangen"]
[BlackTeam "FC Bayern München e.V."]

1. d4 Nf6 2. Nf3 e6 3. c4 Bb4+ 4. Nc3 b6 5. Bg5 h6 6. Bh4 Bb7 7. Nd2 O-O 8. e4
g5 9. Bg3 Nxe4 10. Ndxe4 Bxe4 11. h4 Bg6 12. hxg5 hxg5 13. Qf3 d6 14. O-O-O d5
15. Bd3 f5 16. Rh6 Kf7 17. Rdh1 Rg8 18. Rxg6 Kxg6 19. Be5 Kf7 20. Rh7+ Kf8 21.
Bxf5 1-0

[Event "BEM2013 - Allgemeine Gruppe"]
[Site "Roses Westerndorf St. Peter"]
[Date "2013.08.25"]
[Round "1.6"]
[White "Schmid, Roland"]
[Black "Müller, Michael"]
[Result "1-0"]
[WhiteElo "2235"]
[BlackElo "2091"]
[PlyCount "75"]
[EventDate "2013.??.??"]
[EventCountry "ESP"]
[WhiteTeam "TSV Wacker Neutraubling"]
[BlackTeam "SC Bayerwald Regen/Zwiesel e.V."]

1. d4 d6 2. e4 e5 3. Nf3 exd4 4. Nxd4 Nf6 5. Nc3 Be7 6. Be2 O-O 7. O-O Re8 8.
f4 Bf8 9. Bf3 c5 10. Nb3 Nc6 11. Re1 c4 12. Nd4 d5 13. e5 Qb6 14. Be3 Qxb2 15.
Ndb5 Qb4 16. Nc7 Qxc3 17. Nxa8 Ng4 18. Bxg4 Bxg4 19. Qxg4 Rxa8 20. Qd7 Rd8 21.
Qxb7 d4 22. Qxc6 dxe3 23. Qe4 g6 24. e6 Re8 25. f5 e2 26. exf7+ Kxf7 27. fxg6+
hxg6 28. Rf1+ exf1=Q+ 29. Rxf1+ Kg7 30. Qxe8 Bc5+ 31. Kh1 Bf2 32. Qe7+ Kg8 33.
Rd1 Bb6 34. Qe4 Kg7 35. Rd7+ Kf6 36. Qf4+ Ke6 37. Qf7+ Ke5 38. Qg7+ 1-0

[Event "BEM2013 - Allgemeine Gruppe"]
[Site "Roses Westerndorf St. Peter"]
[Date "2013.08.25"]
[Round "1.7"]
[White "Wilfert, André"]
[Black "Knechtel, Roland"]
[Result "1/2-1/2"]
[WhiteElo "2057"]
[BlackElo "2221"]
[PlyCount "124"]
[EventDate "2013.??.??"]
[EventCountry "ESP"]
[WhiteTeam "1.FC Marktleuthen"]
[BlackTeam "SV Röhrnbach e.V."]

1. c4 e6 2. Nc3 d5 3. cxd5 exd5 4. d4 c6 5. g3 Bf5 6. Bg2 Nf6 7. Nf3 Bd6 8. O-O
O-O 9. Nh4 Bg4 10. Qb3 Qb6 11. Qxb6 axb6 12. f3 Be6 13. e4 dxe4 14. fxe4 Bb4
15. a3 Bc4 16. Re1 Nbd7 17. Bd2 Be7 18. Nf5 Bd8 19. Nd6 b5 20. Nxb7 Bb6 21. Be3
Ng4 22. Rad1 Nxe3 23. Rxe3 c5 24. Nd5 Bxd5 25. exd5 cxd4 26. Rb3 Rab8 27. d6
Rfc8 28. Rxb5 Rc2 29. Rd3 Re8 30. Rd1 Ree2 31. Bf3 Rxh2 32. Rxb6 Nxb6 33. Rxd4
Rhd2 34. Rxd2 Rxd2 35. b4 Rd3 36. Bc6 Rxg3+ 37. Kf2 Rxa3 38. d7 Nxd7 39. Bxd7
Rb3 40. b5 Kf8 41. Nc5 Rb4 42. Ke3 Ke7 43. Bc6 Kd6 44. Nd3 Rb1 45. Ke4 g6 46.
Kf4 f6 47. Nf2 Rf1 48. Ke3 f5 49. Nd3 g5 50. Be8 Rb1 51. Kd4 h6 52. Ne5 Rd1+
53. Nd3 g4 54. Ke3 Rf1 55. Bc6 h5 56. Bg2 Rb1 57. Kf4 Rb3 58. Bf1 Rxb5 59. Kg3
Rb1 60. Bg2 Rg1 61. Nf4 Ke5 62. Nxh5 Kd4 1/2-1/2

[Event "BEM2013 - Allgemeine Gruppe"]
[Site "Roses Westerndorf St. Peter"]
[Date "2013.08.25"]
[Round "1.8"]
[White "Straub, Jürgen"]
[Black "Eichner, Manfred"]
[Result "1-0"]
[WhiteElo "2218"]
[BlackElo "2042"]
[PlyCount "109"]
[EventDate "2013.??.??"]
[EventCountry "ESP"]
[WhiteTeam "SK Ingolstadt"]
[BlackTeam "SK 1908 Göggingen"]

1. e4 e6 2. d4 d5 3. Nd2 Be7 4. Ngf3 Nf6 5. e5 Nfd7 6. Bd3 c5 7. c3 b6 8. Qe2
a5 9. O-O Ba6 10. c4 dxc4 11. Nxc4 cxd4 12. Qe4 Ra7 13. Qg4 g6 14. Qxd4 Nc6 15.
Qe4 Nb4 16. Nd6+ Bxd6 17. Bxa6 Be7 18. Bb5 O-O 19. Bh6 Qa8 20. Qe2 Rd8 21. a3
Nd5 22. Nd4 Rc7 23. Rfd1 Rdc8 24. h4 Bf8 25. Bxf8 Rxf8 26. g3 h5 27. Kh2 Kg7
28. Bc4 Rxc4 29. Qxc4 Nxe5 30. Qe2 Ng4+ 31. Kg1 e5 32. Nf3 f5 33. Nh2 e4 34.
Nxg4 hxg4 35. Qd2 Nf6 36. Rac1 Rf7 37. Qd8 Qxd8 38. Rxd8 Nh7 39. Rc6 g5 40. h5
Nf6 41. Rdd6 Nxh5 42. Rg6+ Kf8 43. Rh6 Ng7 44. Rhf6 Rxf6 45. Rxf6+ Ke7 46. Rxb6
f4 47. Rb5 Kf6 48. Rxa5 Ne6 49. Rd5 Nc7 50. Rd7 Ne6 51. b4 Ke5 52. a4 Nd4 53.
a5 Nf3+ 54. Kf1 e3 55. fxe3 1-0

[Event "BEM2013 - Allgemeine Gruppe"]
[Site "Roses Westerndorf St. Peter"]
[Date "2013.08.25"]
[Round "1.9"]
[White "Dirmeier, Carolin"]
[Black "Schelle, Artur"]
[Result "1/2-1/2"]
[WhiteElo "2030"]
[BlackElo "2210"]
[PlyCount "147"]
[EventDate "2013.??.??"]
[EventCountry "ESP"]
[WhiteTeam "FC Bayern München e.V."]
[BlackTeam "SC Tarrasch 45 München"]

1. e4 d5 2. exd5 Qxd5 3. Nc3 Qa5 4. Bc4 Nf6 5. d3 Bg4 6. f3 Bd7 7. Qe2 Nc6 8.
Be3 e6 9. O-O-O Bb4 10. Bd2 Nd4 11. Qf2 Qc5 12. Kb1 b5 13. Na4 bxa4 14. Be3 e5
15. c3 Bxc3 16. bxc3 Rb8+ 17. Ka1 Qa3 18. Qd2 Nb3+ 19. Bxb3 axb3 20. Qb2 Qa5
21. Ne2 O-O 22. c4 Rfe8 23. a3 Re6 24. Bd2 Qa6 25. Bc3 Qa4 26. Kb1 Rbe8 27. Ng3
Bc6 28. Rhe1 Nd7 29. Rd2 f6 30. Re3 Nc5 31. Bb4 Na6 32. Bc3 Bb7 33. Rde2 Qd7
34. Rd2 c5 35. Ne4 Bc6 36. Nf2 Ba4 37. Nd1 Nb8 38. Nf2 Nc6 39. Ne4 Qc7 40. Rde2
Nd4 41. Rd2 Bc6 42. Ng3 Qb7 43. Bxd4 cxd4 44. Re1 Qb6 45. Rde2 Qc5 46. Nf5 Bd7
47. Ng3 Bc6 48. Nf5 Bd7 49. Ng3 Ra6 50. Ne4 Qxa3 51. Qxa3 Rxa3 52. f4 Bf5 53.
h3 Bxe4 54. Rxe4 Rb8 55. R1e2 b2 56. Rxb2 Rxb2+ 57. Kxb2 Rxd3 58. fxe5 fxe5 59.
Rxe5 Rc3 60. c5 a5 61. Rd5 Kf7 62. Rd7+ Kg6 63. Rd5 Kf6 64. h4 Ke6 65. Rg5 g6
66. g4 a4 67. h5 a3+ 68. Ka2 gxh5 69. Rxh5 d3 70. Rxh7 d2 71. Rh6+ Kd7 72. Rd6+
Ke7 73. Rxd2 Rxc5 74. Kxa3 1/2-1/2

[Event "BEM2013 - Allgemeine Gruppe"]
[Site "Roses Westerndorf St. Peter"]
[Date "2013.08.25"]
[Round "1.10"]
[White "Zill, Christoph"]
[Black "Krenz, Dieter"]
[Result "1/2-1/2"]
[WhiteElo "2205"]
[BlackElo "2020"]
[PlyCount "47"]
[EventDate "2013.??.??"]
[EventCountry "ESP"]
[WhiteTeam "SK Freising"]
[BlackTeam "SC Prichsenstadt"]

1. e4 Nf6 2. e5 Nd5 3. d4 d6 4. c4 Nb6 5. exd6 cxd6 6. Nc3 g6 7. Be3 Bg7 8. Be2
O-O 9. Nf3 Nc6 10. b3 Bg4 11. O-O d5 12. c5 Nc8 13. h3 Bxf3 14. Bxf3 e6 15. Qd2
N8e7 16. Rad1 Nf5 17. Ne2 Rc8 18. g4 Nxe3 19. Qxe3 b6 20. cxb6 Qxb6 21. Rd2
Rfe8 22. Kg2 a5 23. Rc1 Nb4 24. Rc6 1/2-1/2

[Event "BEM2013 - Allgemeine Gruppe"]
[Site "Roses Westerndorf St. Peter"]
[Date "2013.08.25"]
[Round "1.11"]
[White "Feldheim, Jonas"]
[Black "Schatz, Christian"]
[Result "1/2-1/2"]
[WhiteElo "2009"]
[BlackElo "2193"]
[PlyCount "30"]
[EventDate "2013.??.??"]
[EventCountry "ESP"]
[WhiteTeam "SC Bechhofen 1923 e.V."]
[BlackTeam "Schachklub Schweinfurt 2000 e.V."]

1. e4 Nf6 2. e5 Nd5 3. d4 d6 4. c4 Nb6 5. f4 dxe5 6. fxe5 Bf5 7. Nc3 e6 8. Be3
Be7 9. Nf3 O-O 10. Be2 Nc6 11. O-O f6 12. Qe1 Nb4 13. Rd1 Nc2 14. Qf2 Nxe3 15.
Qxe3 fxe5 1/2-1/2

[Event "BEM2013 - Allgemeine Gruppe"]
[Site "Roses Westerndorf St. Peter"]
[Date "2013.08.25"]
[Round "1.12"]
[White "Bintakies, Michael"]
[Black "Eichinger, Christoph"]
[Result "1-0"]
[WhiteElo "2189"]
[BlackElo "1989"]
[PlyCount "75"]
[EventDate "2013.??.??"]
[EventCountry "ESP"]
[WhiteTeam "SK Kriegshaber"]
[BlackTeam "TSV Kareth-Lappersdorf"]

1. f4 Nf6 2. Nf3 d5 3. g3 c5 4. Bg2 Nc6 5. O-O e6 6. d3 Be7 7. c3 Qc7 8. Qc2 b6
9. e4 Ba6 10. e5 Nd7 11. a4 O-O-O 12. Na3 Rdg8 13. Nb5 Qb8 14. d4 c4 15. b3
cxb3 16. Qd3 Bxb5 17. Qxb5 Na5 18. Nd2 Qa8 19. Ba3 Bxa3 20. Rxa3 Qc6 21. Nxb3
Qxb5 22. axb5 Nxb3 23. Rxb3 Kb8 24. f5 Rf8 25. Bh3 exf5 26. Rxf5 g6 27. Rf1 f5
28. Bg2 Rd8 29. Ra3 h5 30. Ra6 Nf8 31. Rfa1 Rh7 32. c4 Ne6 33. cxd5 Nxd4 34. d6
Kc8 35. Rxa7 Rxa7 36. Rxa7 Nxb5 37. Ra8+ Kd7 38. e6+ 1-0

[Event "BEM2013 - Allgemeine Gruppe"]
[Site "Roses Westerndorf St. Peter"]
[Date "2013.08.25"]
[Round "1.13"]
[White "Schlichtmann, Robin"]
[Black "Kunz, Konstantin"]
[Result "1-0"]
[WhiteElo "1983"]
[BlackElo "2174"]
[PlyCount "64"]
[EventDate "2013.??.??"]
[EventCountry "ESP"]
[WhiteTeam "SK Bruckmühl e.V."]
[BlackTeam "SC Kitzingen von 1905"]

1. e4 c5 2. Nc3 a6 3. g3 b5 4. Bg2 Bb7 5. d3 e6 6. f4 b4 7. Nce2 d5 8. e5 Nh6
9. Nf3 Nf5 10. g4 Nh4 11. Nxh4 Qxh4+ 12. Ng3 g6 13. c4 Nd7 14. O-O Bg7 15. Bd2
Qe7 16. a3 bxa3 17. Rxa3 O-O 18. Ba5 Rfc8 19. cxd5 exd5 20. Qb3 Rab8 21. Bxd5
Bxd5 22. Qxd5 Rxb2 23. Bc3 Rb6 24. Ne4 c4 25. Nd6 Rc5 26. Qf3 Rb3 27. Rxb3 cxb3
28. d4 Rc7 29. Ba5 Rc2 30. Qxb3 Re2 31. Qc4 Rb2 32. Nxf7 Nf6 (32... Nf8 33.
Nh6+) 1-0

[Event "BEM2013 - Allgemeine Gruppe"]
[Site "Roses Westerndorf St. Peter"]
[Date "2013.08.25"]
[Round "1.15"]
[White "Kapfer, Ulrich"]
[Black "Jussupow, Nadia"]
[Result "1-0"]
[WhiteElo "1937"]
[BlackElo "2156"]
[PlyCount "57"]
[EventDate "2013.??.??"]
[EventCountry "ESP"]
[WhiteTeam "SC Dillingen"]
[BlackTeam "SK Krumbach"]

1. d4 d5 2. Nf3 c6 3. e3 Nf6 4. Bd3 Nbd7 5. b3 Qc7 6. Bb2 e6 7. Ne5 Bd6 8. f4
b6 9. Nd2 Bb7 10. Qe2 c5 11. O-O Ne4 12. Rac1 O-O 13. Rf3 Ndf6 14. Rh3 h6 15.
Ndf3 Rfc8 16. c4 dxc4 17. bxc4 Qe7 18. g4 Nh7 19. Qc2 f5 20. gxf5 exf5 21. d5
b5 22. Nh4 Bxe5 23. Bxe5 bxc4 24. Nxf5 Qd7 25. Bxe4 Nf6 26. Bxf6 gxf6 27. Rxh6
Bxd5 28. Qg2+ Kf8 29. Rh8+ 1-0

[Event "BEM2013 Allgemeine Gruppe"]
[Site "Roses Westerndorf St. Peter"]
[Date "2013.08.26"]
[Round "2.1"]
[White "Bintakies, Michael"]
[Black "Reich, Thomas"]
[Result "0-1"]
[WhiteElo "2189"]
[BlackElo "2382"]
[PlyCount "68"]
[EventDate "2013.??.??"]
[EventCountry "ESP"]
[WhiteTeam "SK Kriegshaber"]
[BlackTeam "FC Bayern München e.V."]

1. f4 Nf6 2. Nf3 g6 3. g3 Bg7 4. Bg2 O-O 5. O-O d6 6. d4 Nc6 7. Nc3 Bg4 8. h3
Bxf3 9. Bxf3 d5 10. e3 e6 11. b3 Ne7 12. Bb2 Nf5 13. Qe1 Re8 14. Rd1 c6 15. g4
Nd6 16. g5 Nd7 17. h4 h5 18. Ne2 Nf5 19. Nc1 c5 20. c3 Qa5 21. Rd2 Rac8 22. Bd1
(22. Be2) 22... cxd4 23. exd4 Nb8 24. Ba1 Nxd4 25. c4 Nbc6 26. Nd3 dxc4 27.
bxc4 Nf5 28. Bxg7 Kxg7 29. Bf3 Qc3 30. Bxc6 Rxc6 31. Ne5 Rc7 32. Rf3 Qa5 33.
Qa1 Qxd2 34. Rd3 Qxf4 0-1

[Event "BEM2013 Allgemeine Gruppe"]
[Site "Roses Westerndorf St. Peter"]
[Date "2013.08.26"]
[Round "2.2"]
[White "Pohl-Kuemmel, Jens-Uwe"]
[Black "Wittmann, Helmut"]
[Result "1/2-1/2"]
[WhiteElo "2292"]
[BlackElo "2093"]
[PlyCount "80"]
[EventDate "2013.??.??"]
[EventCountry "ESP"]
[WhiteTeam "TSV Wacker Neutraubling"]
[BlackTeam "BSG Wöhrlhaus Erlangen"]

1. Nf3 d5 2. c4 d4 3. g3 Nc6 4. Bg2 e5 5. d3 Bb4+ 6. Nfd2 a5 7. O-O Nf6 8. Na3
O-O 9. Nc2 Be7 10. b3 a4 11. bxa4 Nd7 12. Nb3 Nb6 13. a5 Nxa5 14. Nxa5 Rxa5 15.
Bd2 Ra7 16. a3 Bd7 17. Qb1 Qa8 18. Bb4 c5 19. Bd2 Ra6 20. e3 Bf5 21. e4 Bg4 22.
f3 Be6 23. Rf2 f5 24. Bh3 Na4 25. exf5 Bxf5 26. Bxf5 Rxf5 27. Qe1 b6 28. Qe2 h6
29. Re1 Ra7 30. f4 Nc3 31. Qg4 Rf8 32. fxe5 Qc6 33. e6 h5 34. Qg6 Ne2+ 35.
Rfxe2 Rf1+ 36. Kxf1 Qh1+ 37. Kf2 Qxh2+ 38. Kf3 Qh1+ 39. Kf2 Qh2+ 40. Kf3 Qh1+
1/2-1/2

[Event "BEM2013 Allgemeine Gruppe"]
[Site "Roses Westerndorf St. Peter"]
[Date "2013.08.26"]
[Round "2.3"]
[White "Schlichtmann, Robin"]
[Black "Schmid, Roland"]
[Result "0-1"]
[WhiteElo "1983"]
[BlackElo "2235"]
[PlyCount "70"]
[EventDate "2013.??.??"]
[EventCountry "ESP"]
[WhiteTeam "SK Bruckmühl e.V."]
[BlackTeam "TSV Wacker Neutraubling"]

1. e4 e6 2. d4 d5 3. Nd2 Nf6 4. e5 Nfd7 5. Bd3 c5 6. c3 Nc6 7. Ne2 cxd4 8. cxd4
f6 9. exf6 Nxf6 10. Nf3 Bd6 11. O-O Qc7 12. Bg5 O-O 13. Bh4 Bd7 14. Bg3 Nh5 15.
Bxd6 Qxd6 16. Rc1 Nf4 17. Nxf4 Rxf4 18. Re1 Qb4 19. Ng5 h6 20. Nxe6 Bxe6 21.
Rxe6 Nxd4 22. Qe1 Qxb2 23. Rc7 Nxe6 24. Qxe6+ Kh8 25. Rc8+ Rf8 26. Qf5 Qa1+ 27.
Bb1 Qxb1+ 28. Qxb1 Raxc8 29. Kf1 Rfe8 30. f3 d4 31. Qxb7 d3 32. Qb4 Red8 33.
Qd2 Rc2 34. Qa5 Rb8 35. Qe1 d2 0-1

[Event "BEM2013 Allgemeine Gruppe"]
[Site "Roses Westerndorf St. Peter"]
[Date "2013.08.26"]
[Round "2.4"]
[White "Nagy, Laszlo"]
[Black "Straub, Jürgen"]
[Result "1/2-1/2"]
[WhiteElo "1945"]
[BlackElo "2218"]
[PlyCount "109"]
[EventDate "2013.??.??"]
[EventCountry "ESP"]
[WhiteTeam "SG Vogtareuth-Prutting"]
[BlackTeam "SK Ingolstadt"]

1. d4 Nf6 2. c4 e6 3. a3 d5 4. Nc3 Be7 5. Bg5 O-O 6. e3 Nbd7 7. Nf3 h6 8. Bh4
b6 9. Bd3 Bb7 10. Rc1 c5 11. O-O Rc8 12. cxd5 exd5 13. Qe2 Ne4 14. Bxe7 Qxe7
15. Nd2 Rfe8 16. Bxe4 dxe4 17. Nb3 Qe6 18. Qd1 Ba6 19. Re1 Bd3 20. Ra1 Qd6 21.
f4 Red8 22. dxc5 Nxc5 23. Nxc5 bxc5 24. Qa4 Qd7 25. Qxd7 Rxd7 26. Red1 Rb7 27.
Rd2 Rcb8 28. Nd1 Kf8 29. Rc1 c4 30. Rc3 Ke7 31. Kf2 Ke6 32. Ke1 g5 33. Rf2 f5
34. Kd2 Rg8 35. g3 h5 36. fxg5 Rxg5 37. Rf4 Rg4 38. Kc1 Rxf4 39. exf4 h4 40.
Ne3 hxg3 41. hxg3 Rg7 42. Nxc4 Rxg3 43. Ne5 Rg1+ 44. Kd2 Rg2+ 45. Ke3 Bb5 46.
b4 a6 47. Kd4 Rf2 48. Rh3 Kf6 49. Rh6+ Kg7 50. Rg6+ Kh7 51. a4 Bxa4 52. Rxa6
Bb5 53. Ra5 Bf1 54. Ra1 Bb5 55. Ra5 1/2-1/2

[Event "BEM2013 Allgemeine Gruppe"]
[Site "Roses Westerndorf St. Peter"]
[Date "2013.08.26"]
[Round "2.5"]
[White "Baldauf, Marco"]
[Black "Kapfer, Ulrich"]
[Result "1-0"]
[WhiteElo "2412"]
[BlackElo "1937"]
[PlyCount "61"]
[EventDate "2013.??.??"]
[EventCountry "ESP"]
[WhiteTeam "SG Pang-Rosenheim 1910 e.V."]
[BlackTeam "SC Dillingen"]

1. d4 Nf6 2. c4 e6 3. Nc3 Bb4 4. f3 c5 5. d5 d6 6. e4 e5 7. Bd3 Qe7 8. Nge2
Nbd7 9. a3 Ba5 10. Bg5 a6 11. O-O h6 12. Be3 Rb8 13. Rb1 O-O 14. Ng3 Bc7 15.
Nf5 Qd8 16. Ne2 b5 17. b3 Nh7 18. Qd2 Ndf6 19. Neg3 Ne8 20. f4 Bxf5 21. Nxf5
bxc4 22. Bxc4 Nhf6 23. fxe5 dxe5 24. Qd3 a5 25. Kh1 Bb6 26. d6 Rb7 27. Rbd1 Kh7
28. Rf3 Ng8 29. Rh3 Nef6 30. Bc1 Qa8 31. Qg3 1-0

[Event "BEM2013 Allgemeine Gruppe"]
[Site "Roses Westerndorf St. Peter"]
[Date "2013.08.26"]
[Round "2.6"]
[White "Krenz, Dieter"]
[Black "Stips, Felix"]
[Result "0-1"]
[WhiteElo "2020"]
[BlackElo "2287"]
[PlyCount "38"]
[EventDate "2013.??.??"]
[EventCountry "ESP"]
[WhiteTeam "SC Prichsenstadt"]
[BlackTeam "TSV Bindlach Aktionär-Schachabte"]

1. e4 d5 2. exd5 Qxd5 3. Nc3 Qd6 4. Nf3 Nf6 5. g3 Bg4 6. Bg2 Nc6 7. h3 Bh5 8.
Nb5 Qd7 9. O-O a6 10. Nc3 O-O-O 11. Ne2 e5 12. d3 Bxf3 13. Bxf3 Qxh3 14. Bg5
Bc5 15. Bxf6 gxf6 16. Nd4 Rxd4 17. c3 Rh4 18. Re1 Qxg3+ 19. Kf1 Qxf2# 0-1

[Event "BEM2013 Allgemeine Gruppe"]
[Site "Roses Westerndorf St. Peter"]
[Date "2013.08.26"]
[Round "2.7"]
[White "Knechtel, Roland"]
[Black "Graf, Christian"]
[Result "1/2-1/2"]
[WhiteElo "2221"]
[BlackElo "2146"]
[PlyCount "66"]
[EventDate "2013.??.??"]
[EventCountry "ESP"]
[WhiteTeam "SV Röhrnbach e.V."]
[BlackTeam "SU Ebersberg-Grafing"]

1. d4 d5 2. c4 c6 3. Nf3 Nf6 4. Nc3 dxc4 5. a4 Bg4 6. Ne5 Bh5 7. f3 Nfd7 8.
Nxc4 e5 9. Be3 Bb4 10. g4 Bg6 11. dxe5 O-O 12. Bf2 h5 13. h3 Na6 14. e4 Qe7 15.
Qb3 Nac5 16. Qc2 Nxe5 17. Be2 Nxc4 18. Bxc4 Nxe4 19. Qe2 Nxf2 20. Qxe7 Bxe7 21.
Kxf2 Rad8 22. Rhd1 hxg4 23. hxg4 Rxd1 24. Nxd1 Rd8 25. Ke2 Bg5 26. a5 Rd2+ 27.
Ke1 a6 28. Ra3 Rd7 29. Ke2 Kf8 30. Ke1 Bd2+ 31. Ke2 Bb4 32. Ra1 Rd2+ 33. Ke3
Rh2 1/2-1/2

[Event "BEM2013 Allgemeine Gruppe"]
[Site "Roses Westerndorf St. Peter"]
[Date "2013.08.26"]
[Round "2.8"]
[White "Schelle, Artur"]
[Black "Wilfert, André"]
[Result "0-1"]
[WhiteElo "2210"]
[BlackElo "2057"]
[PlyCount "58"]
[EventDate "2013.??.??"]
[EventCountry "ESP"]
[WhiteTeam "SC Tarrasch 45 München"]
[BlackTeam "1.FC Marktleuthen"]

1. e4 c5 2. Nc3 e6 3. f4 a6 4. Nf3 Qc7 5. g3 Nc6 6. Bg2 g6 7. e5 f5 8. d3 Nh6
9. Be3 Nf7 10. Qd2 Be7 11. h3 d5 12. exd6 Bxd6 13. O-O-O O-O 14. g4 Ne7 15. Kb1
Rb8 16. d4 c4 17. d5 exd5 18. Nd4 b5 19. Nxd5 Nxd5 20. Bxd5 c3 21. bxc3 Bc5 22.
gxf5 Bxd4 23. Bxd4 Bxf5 24. h4 b4 25. c4 b3 26. axb3 Rxb3+ 27. Ka2 Bxc2 28.
Qxc2 Qa5+ 29. Kxb3 Rb8+ 0-1

[Event "BEM2013 Allgemeine Gruppe"]
[Site "Roses Westerndorf St. Peter"]
[Date "2013.08.26"]
[Round "2.9"]
[White "Willim, Michael"]
[Black "Zill, Christoph"]
[Result "1-0"]
[WhiteElo "2111"]
[BlackElo "2205"]
[PlyCount "101"]
[EventDate "2013.??.??"]
[EventCountry "ESP"]
[WhiteTeam "SC Erlangen 48/88 e.V."]
[BlackTeam "SK Freising"]

1. c4 c5 2. g3 Nc6 3. Bg2 g6 4. Nc3 Bg7 5. a3 d6 6. Nf3 e5 7. O-O Nge7 8. Rb1
a5 9. Ne1 Be6 10. Nd5 Rb8 11. Nc2 b5 12. Nce3 O-O 13. d3 bxc4 14. dxc4 Nd4 15.
Nxe7+ Qxe7 16. Nd5 Qd7 17. Bd2 a4 18. Bc3 Bf5 19. e4 Bg4 20. f3 Be6 21. Qd2 f5
22. Rbe1 Bxd5 23. exd5 Rb3 24. Rf2 Rfb8 25. Bf1 h5 26. Be2 Re8 27. Bd1 Rbb8 28.
Bc2 Nxc2 29. Qxc2 Rb3 30. g4 Kh7 31. gxh5 gxh5 32. Rg2 Bh6 33. Kh1 Rbb8 34. Bd2
Rg8 35. Bxh6 Kxh6 36. Reg1 Rxg2 37. Qxg2 Qf7 38. Qc2 Rb3 39. Qg2 Rd3 40. Qg5+
Kh7 41. Qd8 Rxf3 42. Qxd6 e4 43. Qe5 Rb3 44. d6 e3 45. Rg5 e2 46. Qxe2 Kh6 47.
Qd2 Qb7+ 48. Rg2+ Kh7 49. d7 Rf3 50. Kg1 Qe4 51. d8=Q 1-0

[Event "BEM2013 Allgemeine Gruppe"]
[Site "Roses Westerndorf St. Peter"]
[Date "2013.08.26"]
[Round "2.10"]
[White "Schatz, Christian"]
[Black "Dirmeier, Carolin"]
[Result "1/2-1/2"]
[WhiteElo "2193"]
[BlackElo "2030"]
[PlyCount "24"]
[EventDate "2013.??.??"]
[EventCountry "ESP"]
[WhiteTeam "Schachklub Schweinfurt 2000 e.V."]
[BlackTeam "FC Bayern München e.V."]

1. d4 f5 2. Nf3 Nf6 3. Bg5 d6 4. Nc3 Nbd7 5. Qd3 g6 6. e4 fxe4 7. Nxe4 Bg7 8.
Ng3 c5 9. Qd2 cxd4 10. Nxd4 Nc5 11. Bb5+ Bd7 12. Bxd7+ Qxd7 1/2-1/2

[Event "BEM2013 Allgemeine Gruppe"]
[Site "Roses Westerndorf St. Peter"]
[Date "2013.08.26"]
[Round "2.11"]
[White "Lentrodt, Thomas"]
[Black "Feldheim, Jonas"]
[Result "1-0"]
[WhiteElo "2274"]
[BlackElo "2009"]
[PlyCount "79"]
[EventDate "2013.??.??"]
[EventCountry "ESP"]
[WhiteTeam "FC Bayern München e.V."]
[BlackTeam "SC Bechhofen 1923 e.V."]

1. d4 d5 2. Nf3 e6 3. c4 c5 4. cxd5 exd5 5. g3 Nc6 6. Bg2 Nf6 7. O-O Be7 8.
dxc5 Bxc5 9. a3 O-O 10. b4 Bb6 11. Bb2 Be6 12. Nc3 Ne4 13. Na4 Bc7 14. Nd4 Qe8
15. Rc1 Rc8 16. Bxe4 dxe4 17. Nxe6 Qxe6 18. Nc5 Qg6 19. Nxb7 Ne5 20. Qd5 Ng4
21. Rc6 Nf6 22. Bxf6 gxf6 23. Rfc1 Rcd8 24. Nxd8 Rxd8 25. Qc4 Bb6 26. Rc8 Rxc8
27. Qxc8+ Kg7 28. e3 Qg5 29. Qc3 h5 30. h4 Qb5 31. Qc4 Qa4 32. Qxe4 Qxa3 33.
Rc4 Qb3 34. Kg2 Qa2 35. Rc6 Qb2 36. Rd6 Qc3 37. Rd5 Kh6 38. Rxh5+ Kxh5 39. Qh7+
Kg4 40. f3# 1-0

[Event "BEM2013 Allgemeine Gruppe"]
[Site "Roses Westerndorf St. Peter"]
[Date "2013.08.26"]
[Round "2.12"]
[White "Kunz, Konstantin"]
[Black "Schindler, Viktor"]
[Result "1/2-1/2"]
[WhiteElo "2174"]
[BlackElo "2120"]
[PlyCount "36"]
[EventDate "2013.??.??"]
[EventCountry "ESP"]
[WhiteTeam "SC Kitzingen von 1905"]
[BlackTeam "PTSV SK Hof 1892"]

1. d4 Nf6 2. Bg5 c5 3. Nc3 cxd4 4. Qxd4 Nc6 5. Qh4 Qa5 6. O-O-O h6 7. Nf3 d6 8.
e4 Rg8 9. Bxf6 gxf6 10. h3 Be6 11. a3 a6 12. Qf4 h5 13. Kb1 Rh8 14. Qd2 Bh6 15.
Qe1 Rc8 16. Bd3 Qe5 17. Nd5 b5 18. c3 Bd7 1/2-1/2